000 00621nam a22002057a 4500
999 _c821
_d821
001 13264
003 BD-DhUAP
005 20200128121019.0
008 200128s2000 ii ||||| b||| 001 0 eng d
020 _a8176292494
040 _aBD-DhUAP
_bEng
_cBD-DhUAP
_dBD-DhUAP
082 _223
_a323 HUM
245 _aHuman Rights education /
_cedited by Jagannath Mohanty.
260 _aNew Delhi :
_bDeep & Deep publications,
_cc2000.
300 _axvi, 328 pages ;
_c22 cm.
504 _aIncludes bibliographies and index.
650 _aHuman rights
_vStudy and teaching
_zIndia.
700 _aMohanty, Jagannath.
942 _2ddc
_cBK